| 000 | 00647nam a2200253Ia 4500 | ||
|---|---|---|---|
| 001 | UByD000277 | ||
| 003 | AR-LpoUNG | ||
| 005 | 20220403230640.0 | ||
| 008 | 220403s2019||||ag |||||||||||||| ||spa|d | ||
| 020 | _a9789870814542 | ||
| 040 |
_aAR-LpoUNG _bspa _cAR-LpoUNG _eaacr |
||
| 082 | 0 | _aA861 543car | |
| 100 | 1 | _aAndino, Roberto | |
| 245 | 1 | 0 | _aCartas de otoƱo para recibir en primavera |
| 250 | _a1ra. ed. | ||
| 260 |
_aBuenos Aires : _bDe los Cuatro Vientos, _c2019. |
||
| 300 | _a66 p. | ||
| 650 | 4 | _aARGENTINA | |
| 650 | 4 | _aLITERATURA | |
| 650 | 4 | _aPOESIA | |
| 653 | 4 | _aAUTORES LOCALES | |
| 905 | _aCJPM489 | ||
| 942 |
_cLIB _2ddc |
||
| 999 |
_c63000 _d63000 |
||